00422nam a2200157Ia 450000500170000000800460001703700120006304000210007504100130009608400220010910000160013124500390014726000470018630000230023365000080025620250508154543.0008 250505s9999 xx 000 0 eng d aTextual aFEDL bengcFEDL aeng2eng a342.54, PYLqFEDL aPylee M. V. 0aConstitutional government in India aBombay, IndiabAsia Publishing Housec1965 axv,824p. xii,745p. aLaw